000 01986nam a2200265 a 4500
005 20241104091224.0
008 100623e2013||||ag g |||| 001 0dspa d
020 _a9789871421664
041 _aspa
092 _c301
_l77
_sSAR
100 1 _aSartelli, Eduardo
_94085
245 3 _aLa cajita infeliz.
_bUn viaje marxista a través del capitalismo /
_cEduardo Sartelli
250 _a4a ed.
_bPrólogo Ernesto Bayer
260 _aBuenos Aires:
_bRyR;
_c2013.
300 _a751 p.
_c21x15 cm.
500 _aSartelli, E. (2013). La cajita infeliz. (3a ed.). Buenos Aires : RyR.
505 _aEl libro comienza con la historia de este mundo capitalista y la califica como "una novela de vampiros" y no se equivoca. Todos hemos tenido hace poco un verdadero vampiro que hablaba medio así como riojano...Leo una frase: "En las sombras, ocultándose, existe el poder que mantiene con vida a este sistema". Y tiene razón. Señala que intentar comprenderlo es un viaje a lo más oscuro de la sociedad, y es cierto. Es la descripción de este sistema que nos domina con desocupados, con niños con hambre. Hambre en este país maravilloso con las espigas de oro, como decía Rubén Darío. "Nos acercamos al mundo en perpetua conmoción del capitalismo, de las turbulencias permanentes, donde todo se desvanece en el aire, la acumulación y las crisis", escribe Sartelli en el capítulo en que el viaje que nos proponemos toda fondo. Buena definición. Irrebatible. La cajita se propone terminar con los mitos de todos los días. "Por detrás de las leyes, de la estructura jurídica de la realidad, se extiende la estructura del poder verdadero, del poder económico y militar, del poder mafioso".
590 _aDonación Torrens, Paula. Septiembre 2019
653 4 _aLos diez mil
653 7 _aPor un socialismo libertario
653 _aAnarquistas, hamburguesas y vampiros
653 _aHacia abajo: la economía
653 _aHacia arriba: las superestructuras
942 _2ddc
_cBK
999 _c3029
_d3029